Eine österr. Stadt(+Gemeinden & Marktgemeinden) mit jedem Buchstaben - Statistiken

Allgemein
  • Dieses Quiz wurde 42 mal gespielt
    19 seit der letzten Aktualisierung
  • Das Durchschnittsergebnis liegt bei 13 aus 20
Antwortstatistiken
Buchstabe Tipp Stadt % Korrekt
B Die sechstgrößte Gemeinde in Vorarlberg. Bludenz
89%
G Von allen österreichischen Städten verzeichnete [...] im Zweiten Weltkrieg die meisten Luftangriffe. Graz
83%
W Kfz-Kennzeichen: WE. Wels
83%
Z Die Stadt lieg am Zeller See Zell am See
83%
A So liegt die Stadt heute an der Westautobahn A 1 und an der Westbahn und ist nicht nur ein wichtiges Tor zum Ennstal, sondern das wirtschaftliche Zentrum des westlichen Mostviertels mit dem Gerichtsbezirk [...] mit etwa 110.000 Einwohnern geworden. Amstetten
72%
E Die Stadt bezeichnet sich als älteste Stadt Österreichs, was jedoch umstritten ist. Wahrzeichen der Stadt ist der 60 m hohe Stadtturm. Enns
72%
K Im 20. Jahrhundert sorgten die Eingemeindungen der Gemeinden Annabichl, St. Peter, St. Ruprecht und St. Martin sowie der Gemeinden Hörtendorf, Viktring, Wölfnitz und St. Peter/Bichl für eine erhebliche Vergrößerung des Stadtgebietes und der Bevölkerungszahl [...]. Klagenfurt am Wörthersee
72%
L Kfz-Kennzeichen: LZ. Lienz
72%
S [...] erlangt durch das Messezentrum als Messestadt immer mehr Bedeutung. Salzburg
72%
V Die Statutarstadt ist mit ihren 64.071 Einwohnern (Stand 1. Jänner 2022) die größte Stadt Österreichs, die nicht gleichzeitig Hauptstadt eines Bundeslandes ist. Villach
72%
M Der Ortsname wandelte sich im Laufe der Zeit von medilihha (903 n. Chr.) über Medelikch und Medling zu [...]. Mödling
67%
D [...] liegt an der Westgrenze des Weststeirischen Beckens, das durch die Mittelsteirische Schwelle vom Oststeirischen Becken getrennt ist. Deutschlandsberg
61%
H Aus Holzschnitzkursen der Saline entstand 1871 die erste Fachschule der Österreichisch-Ungarischen Monarchie. Hallein
61%
I Hermann Gmeiner gründete hier 1949 den Verein SOS-Kinderdorf. Imst
61%
F Knotenpunkt von B93, B94, B95. Feldkirchen in Kärnten
56%
N Die Stadt ist ein wichtiger Verkehrsknotenpunkt im südlichen Niederösterreich. An der alten Handelsstraße von Wien in den Süden (Semmering–Kärnten–Triest, Adria) gelegen, war die Wirtschaft immer durch Verkehr und Handel geprägt. Neunkirchen
56%
P Die Stadtgemeinde [...] mit 9853 Einwohnern (Stand 1. Jänner 2022) liegt in der Wienerwald-Region im Bezirk St. Pölten-Land unmittelbar an der Stadtgrenze von Wien. Purkersdorf
56%
R Es gibt mehrere Deutungen für diesen Namen, z.B. soll er abgeleitet von Rank für Krümmung sein. Abgeleitet von dem neulateinisch verwendete Wort Rancovilla. Andere Deutung (Personennamen): Rankeirus oder Raikairus. Rankweil
39%
T Es befindet sich im Vordernbergertal (am Südrand der Eisenerzer Alpen). Trofaiach
39%
Y Hier hat eine der ältesten Firmen Österreichs ihren Sitz. Seit über 450 Jahren stellt die Fa. Riess Produkte aus Metall her. Ybbsitz
28%
Keine übereinstimmenden Quizze gefunden
Verteilung der Resultate
Anzahl Personen mit jedem Resultat
Perzentil nach korrekt beantworteten Fragen
Ihre Resultats-Entwicklung
Sie haben dieses Quiz seit der letzten Aktualisierung nicht gespielt